000 00584cam a22002053a 4500
001 45415
003 PGUSA
005 20140828084041.0
008 140418s2014||||xxu|||||s|||||000 | eng d
040 _aPGUSA
_beng
042 _adc
100 1 _aStowe, Harriet Beecher,
_d1811-1896
245 1 4 _aThe Chimney-Corner
_h[electronic resource] /
_cHarriet Beecher Stowe
260 _bProject Gutenberg,
_c2014
506 _aPublic domain in the USA.
516 _aElectronic text
830 0 _aProject Gutenberg
_v45415
856 4 0 _uhttp://www.gutenberg.org/ebooks/45415
942 _cEB
999 _c274666
_d274666